=LDR 00000nam 2200000 4500 =001 INLIS000000000008582 =005 20130612100431 =008 ***********************************Ind** =035 ##$$0010-061300000008582 =041 ##$$a Ind =082 ##$$a 372.8 =090 ##$$a 372.8, Muc i =100 ##$$a Muchtar =245 ##$$a IPS 3B, Muchtar =260 ##$$a 1999 $b Jakarta =300 ##$$a 72 hlm, 28 cm =650 ##$$a IPS Pend - Dasar